[Event "94th Tradewise Hastings Congress"]
[Site "Hastings"]
[Date "2019.01.01"]
[Round "5"]
[White "Groffen, Hans"]
[Black "Cherniaev, Alexander"]
[Result "0-1"]
[WhiteElo "2120"]
[BlackElo "2393"]
[Annotator "TA"]
[PlyCount "68"]
[EventDate "2018.12.28"]
[EventType "swiss"]
[EventCountry "ENG"]
[SourceTitle "playchess.com"]
[Source "ChessBase"]
[SourceQuality "1"]

{[%evp 19,68,33,60,30,54,40,35,0,12,-11,71,43,41,29,37,-5,16,27,38,31,43,0,-8,-10,0,0,0,-56,-30,-166,-181,-205,-202,-282,-282,-362,-293,-304,-244,-243,-245,-278,-261,-1180,-1179,-1105,-1069,-1421,-662,-583,-498]} 1. d4 e6 2. c4 b6 3. e4 Bb7 4. Bd3 Nc6 5. Ne2 Nb4 6. Nbc3 {A40: Unusual replies to 1 d4} Nxd3+ 7. Qxd3 d6 8. O-O Ne7 9. f4 (9. Be3 Qd7 10. d5 Ng6 11. f4 Be7 12. Bd4 e5 13. fxe5 dxe5 {0-1 (49) Matlakov,M (2728)-Andreikin,D (2706) Tbilisi 2017}) 9... g6 10. d5 Bg7 {LiveBook: 5 Games} 11. Be3 O-O 12. Bd4 e5 $1 {[%cal Re5d4]} 13. fxe5 $146 ({Predecessor:} 13. Be3 f5 14. fxe5 dxe5 {0-1 (52) Harazinska,M (1930)-Brem,S (2054) Marianske Lazne 2017}) 13... dxe5 14. Bf2 c5 (14... Nc8 $11 {keeps the balance.}) 15. Bh4 f6 16. Rad1 Rf7 17. Kh1 Qd7 18. Ng1 h6 19. Nf3 f5 20. Bxe7 ({White should play} 20. Bf2 $14) 20... Qxe7 $11 21. g3 Raf8 22. Nh4 Qg5 $1 23. Kg1 ({White should try} 23. exf5 $11 gxf5 24. Qc2) 23... Bc8 24. Nf3 (24. exf5 $11 {and White is okay.} gxf5 25. Qc2) 24... Qh5 $19 {[#] Threatens to win with ...fxe4.} 25. Nd2 f4 26. d6 Bh3 27. Nd5 Kh7 28. Rde1 Rd8 29. Rf2 Rxd6 30. Nf1 g5 31. Nxf4 $2 (31. Kh1) 31... exf4 {Black is clearly winning.} (31... Rxd3 $2 32. Nxh5 Rxf2 33. Kxf2 $19) 32. Qxd6 Bd4 33. Ree2 Qxe2 (33... fxg3 $142 34. Qxd4 gxh2+ 35. Nxh2 cxd4) 34. Qxd4 {[#]} Qxf1+ $1 {[%mdl 512] Accuracy: White = 25%, Black = 59%.} 0-1

[Event "94th Tradewise Hastings Congress"]
[Site "Hastings"]
[Date "2019.01.01"]
[Round "5"]
[White "Snape, Ian L"]
[Black "Fryer, David W"]
[Result "1-0"]
[WhiteElo "2112"]
[BlackElo "1932"]
[Annotator "TA"]
[PlyCount "81"]
[EventDate "2018.12.28"]
[EventType "swiss"]
[EventCountry "ENG"]
[SourceTitle "playchess.com"]
[Source "ChessBase"]
[SourceQuality "1"]

{[%evp 12,81,50,64,122,116,118,133,123,119,132,130,117,106,139,122,131,104,152,140,157,122,119,124,150,120,135,144,145,144,466,464,439,151,139,128,125,115,109,104,126,133,125,129,125,124,122,115,129,130,157,139,143,117,243,236,215,207,487,491,372,219,211,208,326,321,574,574,619,617,709,696]} 1. c4 e6 2. g3 Nf6 3. Bg2 d5 4. Nf3 dxc4 5. Qc2 b5 6. a4 {A13: English Opening: 1...e6} c6 7. axb5 {LiveBook: 3 Games} Qb6 $146 (7... cxb5 $14 8. Nd4 Qxd4 9. Bxa8 Na6) ({Predecessor:} 7... cxb5 8. Nd4 Qxd4 9. Bxa8 Bc5 10. O-O O-O 11. d3 cxd3 12. Qxd3 Qxd3 13. exd3 {½-½ (71) Savchenko,B (2644)-Frolyanov,D (2571) St Petersburg 2009}) 8. Qxc4 {White is better.} Bb7 9. Nc3 Be7 10. d3 O-O 11. O-O a6 {[%cal Ra6b5]} 12. bxc6 Nxc6 13. Be3 Qd8 14. Bc5 Qd7 15. Na4 {Threatens to win with Nb6.} Rab8 16. Bxe7 Qxe7 17. Nc5 Ba8 18. Rxa6 Rxb2 19. Rfa1 Rb4 20. Qc1 Nd4 $2 {[%mdl 8192] [#]} (20... Rbb8 $16 21. e3 Nb4) 21. Nxd4 $18 Bxg2 22. Kxg2 $2 (22. Qc3 $18 {is more deadly.} Nd5 23. Nc6 {[%mdl 64] Double Attack}) 22... Rxd4 $16 23. Qc3 Rd5 24. Rc6 h6 25. Rb1 Qa7 26. e4 Rdd8 27. Ra6 Qe7 28. Rb7 Qe8 29. d4 {[%cal Bd3d4,Bd4c5][%mdl 32]} Ra8 30. Rab6 $36 {[%mdl 2048] White has strong initiative.} Rd8 31. h3 Nd7 32. Rd6 Nxc5 (32... Nf6 $16 {keeps fighting.} 33. Rdb6 Nd7) 33. Rxd8 ({Don't do} 33. Qxc5 $6 Rxd6 34. Qxd6 Qa8) 33... Qxd8 34. dxc5 ({But not} 34. Qxc5 $6 Qf6 $16) 34... Qf6 $2 {[#]} (34... Qd1 35. c6 Rc8) 35. Qxf6 $18 gxf6 {[%mdl 4096] Endgame KR-KR} 36. Kf3 (36. c6 $142 Rc8 37. c7) 36... Rc8 37. Rb5 Kg7 (37... Kf8 {might work better.} 38. Kg4 Kg8) 38. Ke3 e5 $2 (38... h5 39. f3 Kf8) 39. Kd3 {White is clearly winning.} Kg6 40. Kc4 Kg5 41. Rb7 {Accuracy: White = 60%, Black = 28%.} 1-0

[Event "94th Tradewise Hastings Congress"]
[Site "Hastings"]
[Date "2019.01.01"]
[Round "5"]
[White "Sugden, John N"]
[Black "Ruane, Brendan J"]
[Result "1/2-1/2"]
[WhiteElo "2072"]
[BlackElo "1870"]
[Annotator "NA RC"]
[PlyCount "83"]
[EventDate "2018.12.28"]
[EventType "swiss"]
[EventCountry "ENG"]
[SourceTitle "playchess.com"]
[Source "ChessBase"]
[SourceQuality "1"]
[TimeControl "40/6000+30:3000+30"]

{[%evp 31,83,-12,32767,32767,70,85,32767,222,215,232,233,32767,209,136,155,32767,32767,160,176,193,210,206,32767,32767,32767,320,337,333,289,265,299,280,414,32767,389,441,444,311,358,372,462,462,547,589,32767,679,604,600,698,32767,32767,909,29993,29994]} 1. d4 {[%emt 0:00:00]} d5 {[%emt 0:00:00]} 2. c4 {[%emt 0:00:07]} e6 {[%emt 0:00:00]} 3. Nc3 {[%emt 0:00:21]} a6 {[%emt 0:00:02]} 4. cxd5 {[%emt 0:10:51]} exd5 {[%emt 0:00:04]} 5. Bf4 {[%emt 0:00:23] D31: Queen's Gambit Declined: Semi-Slav without ...Nf6 (+ Marshall Gambit and Noteboom) and Exchange Variation lines without ...Nf6} Nf6 {[%emt 0:00:28]} 6. e3 {[%emt 0:01:42]} Bd6 {[%emt 0:00:19]} 7. Bxd6 {[%emt 0:02:30]} (7. Bg5 Be6 8. Bd3 Nbd7 9. f4 h6 10. Bh4 g5 11. fxg5 hxg5 12. Bxg5 Rxh2 13. Rxh2 Bxh2 {1-0 (69) Yu,Y (2762)-Fedoseev,V (2707) Danzhou 2018}) 7... Qxd6 {[%emt 0:00:03]} 8. Bd3 {[%emt 0:02:43]} O-O {[%emt 0:01:56]} 9. Nf3 {[%emt 0:04:11]} Be6 $146 {[%emt 0:02:15]} 10. Qc2 {[%emt 0:03:15]} h6 {[%emt 0:01:42]} 11. O-O {[%emt 0:09:12]} Nbd7 {[%emt 0:00:24]} 12. Rac1 {[%emt 0:03:02]} Rfc8 {[%emt 0:08:13]} 13. Na4 {[%emt 0:04:05]} b6 {[%emt 0:00:03]} 14. Qe2 {[%emt 0:06:58]} Bg4 {[%emt 0:04:51]} 15. b3 {[%emt 0:10:06]} Ne4 {[%emt 0:03:16]} 16. Qc2 {[%emt 0:04:09]} (16. h3 $14 Bxf3 17. gxf3) 16... Bxf3 {[%emt 0:01:10]} 17. gxf3 {[%emt 0:00:10]} Ng5 {[%emt 0:03:44]} 18. f4 {[%emt 0:03:48]} Nh3+ {[%emt 0:04:35]} 19. Kg2 {[%emt 0:03:17]} Nxf4+ {[%emt 0:00:05]} 20. exf4 {[%emt 0:00:23]} Qxf4 {[%emt 0:00:03]} 21. Bf5 {[%emt 0:04:01]} Rd8 {[%emt 0:00:53]} 22. Bxd7 {[%emt 0:04:16]} Rxd7 {[%emt 0:00:03]} 23. Qd3 {[%emt 0:00:51]} Rd6 {[%emt 0:02:08]} 24. Nc3 {[%emt 0:09:56]} Re8 {[%emt 0:01:00]} 25. Ne2 {[%emt 0:04:15]} Qg4+ {[%emt 0:12:41]} 26. Ng3 {[%emt 0:02:05]} Rde6 {[%emt 0:00:13]} 27. Rxc7 {[%emt 0:04:07]} Rg6 {[%emt 0:09:51]} 28. Qf3 {[%emt 0:01:41]} Qe6 {[%emt 0:00:19]} 29. Qe3 {[%emt 0:03:56]} Qxe3 {[%emt 0:02:54]} 30. fxe3 {[%emt 0:00:07]} Rxe3 {[%emt 0:00:22]} 31. Rcxf7 {[%emt 0:01:05]} h5 {[%emt 0:01:39]} (31... Rd3 {was called for.} 32. R7f4 Kh7) 32. R7f4 {[%emt 0:01:17]} Rh6 {[%emt 0:02:09]} 33. R1f3 {[%emt 0:01:30]} Re1 {[%emt 0:00:26]} 34. Kf2 {[%emt 0:01:17]} Rc1 {[%emt 0:00:04]} 35. Re3 {[%emt 0:00:38]} h4 {[%emt 0:00:18]} 36. Nf5 {[%emt 0:00:33]} Rh5 {[%emt 0:01:31]} 37. Re5 {[%emt 0:01:50]} g5 {[%emt 0:00:22]} 38. Ne7+ {[%emt 0:00:59]} Kg7 {[%emt 0:00:32]} 39. Rff5 {[%emt 0:01:17]} Rc2+ {[%emt 0:01:16]} 40. Re2 {[%emt 0:00:35]} Rc3 {[%emt 0:01:07]} 41. Nxd5 {[%emt 0:50:51]} Rd3 {[%emt 0:50:33]} 42. Re7+ {[%emt 0:00:36]} 1/2-1/2

[Event "94th Tradewise Hastings Congress"]
[Site "Hastings"]
[Date "2019.01.01"]
[Round "5"]
[White "Nettleton, Charlie B"]
[Black "Derakhshani, Borna"]
[Result "0-1"]
[WhiteElo "2059"]
[BlackElo "2325"]
[Annotator "TA"]
[PlyCount "40"]
[EventDate "2018.12.28"]
[EventType "swiss"]
[EventCountry "ENG"]
[SourceTitle "playchess.com"]
[Source "ChessBase"]
[SourceQuality "1"]

{[%evp 15,40,0,0,-30,10,-21,-16,-31,-26,-39,-31,-91,-80,-214,-214,-487,-485,-473,-475,-487,-480,-564,-567,-550,-521,-625,-644]} 1. b3 d5 2. Bb2 Nf6 3. e3 c6 4. Nf3 Bg4 5. h3 Bh5 6. Be2 Nbd7 7. c4 e6 {[%cal Be7e6,Be6e5][%mdl 32]} 8. d3 Bb4+ {LiveBook: 20 Games. A12: English Opening: 1...c6 with b3 by White} (8... h6 9. Nbd2 Bd6 10. Qc2 Qe7 11. O-O O-O 12. Rfc1 Rfe8 13. Nf1 Bg6 14. a3 a5 15. cxd5 exd5 16. N1d2 {½-½ (45) Granda Zuniga,J (2685)-Peralta,F (2572) Sitges 2015}) 9. Bc3 Bd6 $146 ({Predecessor:} 9... Bxc3+ 10. Nxc3 h6 11. cxd5 {½-½ (11) Lisenko,A (2380)-Lisik,V (2485) Katowice 1991}) 10. Nbd2 e5 {The position is equal.} 11. b4 O-O 12. c5 Bc7 13. g4 ({White should play} 13. a3 $15) 13... Bg6 $17 14. Nh4 {[#]} (14. Bb2 $17) 14... d4 $1 $19 {[%mdl 512]} 15. exd4 $2 (15. Nxg6 {keeps fighting.} dxc3 16. Nxf8 cxd2+ 17. Qxd2 Nxf8 18. a3) 15... Nd5 $1 {[%csl LRc3,LRh4][%cal Bf6d5,Bd5c3,Bc3e2,Be2d4][%mdl 32] Black is clearly winning.} 16. Nxg6 Nxc3 17. Qb3 Nxe2 ({Weaker is} 17... hxg6 18. Qxc3 exd4 19. Qc4 $17) 18. Nxf8 {[#] Hoping for Ne6.} Nxd4 19. Qc4 {intending Nxd7.} b5 20. Qc1 {and the idea Nxd7 leaves White hopeful.} Nxf8 {Accuracy: White = 10%, Black = 94%.} 0-1

[Event "94th Tradewise Hastings Congress"]
[Site "Hastings"]
[Date "2019.01.01"]
[Round "5"]
[White "Rayner, Francis"]
[Black "Gu, In Jung"]
[Result "1/2-1/2"]
[WhiteElo "2048"]
[BlackElo "1794"]
[Annotator "NA RC"]
[PlyCount "222"]
[EventDate "2018.12.28"]
[EventType "swiss"]
[EventCountry "ENG"]
[SourceTitle "playchess.com"]
[Source "ChessBase"]
[SourceQuality "1"]
[TimeControl "40/6000+30:3000+30"]

{[%evp 29,218,3,0,-8,32767,32767,32767,32767,-53,-60,-52,-106,-60,-61,32767,-34,-25,-31,0,0,0,0,79,32767,14,32767,0,0,0,-17,32767,0,67,50,68,0,3,0,34,32767,46,44,81,79,99,68,100,66,122,109,161,109,240,113,117,104,106,114,104,110,125,108,120,98,108,120,110,80,118,108,104,108,104,102,102,83,104,87,109,111,111,111,32767,111,111,111,111,104,95,110,126,137,124,126,137,137,128,137,137,128,128,137,128,137,137,137,137,32767,128,134,134,139,134,129,134,129,134,130,130,130,130,132,132,104,132,127,127,127,127,117,117,127,140,127,117,0,117,125,122,122,100,138,138,119,118,118,118,118,138,106,106,106,106,106,106,106,106,106,106,128,106,-3,88,88,88,88,1510,29977,29978,1518,1345,29967,29976,29977,29977,29980,29978,29981,29981,256,37,0,29981,29982,29982,32767,0,0,0,0,0]} 1. e4 {[%emt 0:00:33]} c5 {[%emt 0:00:00]} 2. Nf3 {[%emt 0:00:33]} d6 {[%emt 0:00:00]} 3. d4 {[%emt 0:00:46]} cxd4 {[%emt 0:00:00]} 4. Nxd4 {[%emt 0:00:16]} Nf6 {[%emt 0:00:00]} 5. Nc3 {[%emt 0:00:30]} a6 {[%emt 0:00:02]} 6. Bg5 {[%emt 0:00:50]} e6 {[%emt 0:01:01]} 7. Be2 {[%emt 0:02:21]} Nbd7 {[%emt 0:01:11]} 8. O-O {[%emt 0:07:24]} Qc7 {[%emt 0:02:44]} 9. a4 {[%emt 0:09:57] B84: Sicilian Scheveningen: 6 Be2 a6, lines without early Be3} (9. Qd3 h6 10. Bd2 b5 11. b4 Ne5 12. Qg3 Nc4 13. Bc1 Nb6 14. Rd1 Bd7 15. Bb2 Nc4 16. Bxc4 Qxc4 {½-½ (55) Glazman,M (2577)-Wilczek,T (2597) ICCF email 2012}) 9... Be7 {[%emt 0:00:28]} 10. Kh1 {[%emt 0:01:31]} b6 {[%emt 0:01:08]} 11. Bd3 {[%emt 0:03:58]} Bb7 {[%emt 0:02:15]} 12. Qe2 {[%emt 0:00:46]} h6 $146 {[%emt 0:08:37]} ({Predecessor:} 12... h5 13. Rae1 h4 14. h3 Ne5 15. Nf3 {0-1 (41) Kirnos,E (2172)-Schmitz,P (2143) Germany 2015}) 13. Bd2 {[%emt 0:03:33]} Nc5 {[%emt 0:21:06]} 14. f4 {[%emt 0:05:08]} Nfd7 {[%emt 0:01:24]} 15. f5 {[%emt 0:08:42]} e5 {[%emt 0:03:42]} 16. Nf3 {[%emt 0:04:04]} Nf6 {[%emt 0:04:19]} 17. b4 {[%emt 0:02:56]} Ncd7 {[%emt 0:04:41]} 18. Bc4 {[%emt 0:07:45]} O-O {[%emt 0:05:01]} 19. Bb3 {[%emt 0:02:58]} a5 {[%emt 0:09:14]} 20. b5 {[%emt 0:04:43]} Nc5 {[%emt 0:01:13]} (20... Rfc8 $17 21. Rae1 Nc5) 21. Nd5 {[%emt 0:01:03]} Nxd5 {[%emt 0:01:15]} 22. Bxd5 {[%emt 0:00:07]} Bxd5 {[%emt 0:00:16]} 23. exd5 {[%emt 0:00:01]} Bf6 {[%emt 0:01:20]} 24. Be3 {[%emt 0:02:11]} Rac8 {[%emt 0:02:33]} 25. Nd2 {[%emt 0:02:31]} Rfe8 {[%emt 0:01:49]} (25... Nd7 $11 {remains equal.}) 26. Ra2 {[%emt 0:01:23]} Qe7 {[%emt 0:06:47]} 27. Nc4 {[%emt 0:03:09]} Qc7 {[%emt 0:05:16]} 28. Nd2 {[%emt 0:02:16]} Kf8 {[%emt 0:07:40]} 29. Qg4 {[%emt 0:02:38]} Ke7 {[%emt 0:03:33]} 30. Re1 {[%emt 0:05:33]} Kd7 {[%emt 0:03:45]} (30... Kf8 $11) 31. h3 {[%emt 0:01:57]} Qb7 {[%emt 0:00:55]} 32. Nc4 {[%emt 0:01:40]} (32. c4 $16) 32... Ke7 {[%emt 0:02:36]} 33. Rd1 {[%emt 0:00:49]} Rc7 {[%emt 0:01:39]} 34. Nd2 {[%emt 0:04:15]} Rec8 {[%emt 0:02:04]} 35. c4 {[%emt 0:02:27]} Nd7 {[%emt 0:02:16]} 36. Rc1 {[%emt 0:01:08]} Rh8 {[%emt 0:00:25]} 37. Qh5 {[%emt 0:00:56]} Rcc8 {[%emt 0:00:17]} 38. Ne4 {[%emt 0:00:57]} Rc7 {[%emt 0:03:24]} 39. Rac2 {[%emt 0:01:14]} Rhc8 {[%emt 0:00:32]} 40. Qf3 {[%emt 0:00:55]} Bg5 {[%emt 0:02:46] [#]} (40... Qb8 $16 {is a better defense.} 41. Kg1 Rb7) 41. Nxg5 {[%emt 0:55:58]} (41. f6+ $1 $18 {[%mdl 512]} Bxf6 (41... Nxf6 42. Bxg5) 42. Ng3) 41... hxg5 {[%emt 0:50:06]} 42. Bxg5+ {[%emt 0:00:04]} f6 {[%emt 0:00:00]} 43. Be3 {[%emt 0:00:00]} Rh8 {[%emt 0:00:00]} 44. Qg4 {[%emt 0:00:00]} Rh7 {[%emt 0:00:00]} 45. Qg6 {[%emt 0:00:00]} Nf8 {[%emt 0:00:00] [#]} 46. Qg3 $1 {[%emt 0:00:00]} Nd7 {[%emt 0:00:00]} 47. Qf2 {[%emt 0:00:00]} Rc8 {[%emt 0:00:00]} 48. Qf3 {[%emt 0:00:00]} Nc5 {[%emt 0:00:00]} 49. Bxc5 {[%emt 0:00:00]} Rxc5 {[%emt 0:00:00]} 50. Re2 {[%emt 0:00:00]} Rc8 {[%emt 0:00:00]} 51. Re4 {[%emt 0:00:00]} Qc7 {[%emt 0:00:00]} 52. Qf2 {[%emt 0:00:00]} Rch8 {[%emt 0:00:00]} 53. Rg4 {[%emt 0:00:00]} Kf8 {[%emt 0:00:00]} 54. Rc3 {[%emt 0:00:00]} Rh5 {[%emt 0:00:00]} 55. Rcg3 {[%emt 0:00:00]} R5h7 {[%emt 0:00:00]} 56. Kh2 {[%emt 0:00:00]} Ke8 {[%emt 0:00:00]} 57. Rf3 {[%emt 0:00:00]} Kf8 {[%emt 0:00:00]} 58. h4 {[%emt 0:00:00]} Ke8 {[%emt 0:00:00]} 59. Rh3 {[%emt 0:00:00]} Kf8 {[%emt 0:00:00]} 60. Re4 {[%emt 0:00:00]} Ke8 {[%emt 0:00:00]} 61. g4 {[%emt 0:00:00]} Kd8 {[%emt 0:00:00]} 62. Kg3 {[%emt 0:00:00]} Kc8 {[%emt 0:00:00]} 63. Qe3 {[%emt 0:00:00]} Qd8 {[%emt 0:00:00]} 64. Rh2 {[%emt 0:00:00]} Kb7 {[%emt 0:00:00]} 65. h5 {[%emt 0:00:00]} Qc7 {[%emt 0:00:00]} 66. Rc2 {[%emt 0:00:00]} Rc8 {[%emt 0:00:00]} 67. Kf3 {[%emt 0:00:00]} Qd7 {[%emt 0:00:00]} 68. Qf2 {[%emt 0:00:00]} Rch8 {[%emt 0:00:00]} 69. Ke2 {[%emt 0:00:00]} Qc8 {[%emt 0:00:00]} 70. Kd3 {[%emt 0:00:00]} Qc7 {[%emt 0:00:00]} 71. Kc3 {[%emt 0:00:00]} Rc8 {[%emt 0:00:00]} 72. Kb3 {[%emt 0:00:00]} Rch8 {[%emt 0:00:00]} 73. Rc3 {[%emt 0:00:00]} Rc8 {[%emt 0:00:00]} 74. Re1 {[%emt 0:00:00]} Rch8 {[%emt 0:00:00]} 75. Qe3 {[%emt 0:00:00]} Rh6 {[%emt 0:00:00]} 76. Rh1 {[%emt 0:00:00]} R6h7 {[%emt 0:00:05]} 77. Rh3 {[%emt 0:00:00]} Ka7 {[%emt 0:00:30]} 78. Rc2 {[%emt 0:00:00]} Kb7 {[%emt 0:00:10]} 79. Rh4 {[%emt 0:00:00]} Ka7 {[%emt 0:00:29]} 80. Rhh2 {[%emt 0:00:00]} Kb7 $1 {[%emt 0:00:05]} 81. Rhd2 {[%emt 0:00:00]} Rc8 {[%emt 0:00:24]} 82. Rh2 {[%emt 0:00:22]} (82. Rc3 $16) 82... Rch8 {[%emt 0:00:06]} 83. Qg1 {[%emt 0:01:03]} Rh6 {[%emt 0:00:55]} 84. Rhg2 {[%emt 0:00:37]} Rf8 {[%emt 0:10:11]} 85. Rc3 {[%emt 0:00:59]} Rh7 {[%emt 0:01:51]} 86. Rcg3 {[%emt 0:01:36]} Rc8 {[%emt 0:00:13]} 87. Rc2 {[%emt 0:00:26]} Rf8 {[%emt 0:00:17]} 88. Rcc3 {[%emt 0:01:11]} Ka7 {[%emt 0:00:38]} 89. Rh3 {[%emt 0:04:14]} Rfh8 {[%emt 0:00:21]} 90. Rh4 {[%emt 0:00:07]} Kb7 {[%emt 0:00:52]} 91. Rg3 {[%emt 0:00:14]} Qc8 {[%emt 0:02:06]} 92. Qe3 {[%emt 0:01:19]} Qd7 {[%emt 0:01:32]} 93. Qf3 {[%emt 0:01:13]} Qc7 {[%emt 0:00:47]} 94. Qf2 {[%emt 0:01:02]} Rc8 {[%emt 0:00:27]} 95. g5 {[%emt 0:01:08]} (95. Rc3 $16) 95... Rf8 {[%emt 0:05:26]} (95... Rxh5 $1 $11 96. Rgg4 (96. Rxh5 $2 Qxc4+ 97. Ka3 Qb4+ 98. Ka2 Qxa4+ 99. Kb2 Qd1 $17) 96... Rxg5) 96. gxf6 {[%emt 0:01:32]} Rxf6 {[%emt 0:00:22]} 97. Rhg4 {[%emt 0:01:05]} Rxh5 $2 {[%emt 0:00:50]} (97... Rf7 $16) 98. Rxg7 {[%emt 0:00:16]} Rf7 {[%emt 0:00:04]} 99. f6 {[%emt 0:00:31]} (99. Rxf7 $142 Qxf7 100. f6 Qf8 101. Rg7+ Ka8 102. Qg3 (102. Qxb6 Rh3+ 103. Kc2 Rh2+ 104. Kd1 Rh1+ 105. Kc2 Rh2+ 106. Kb1 Rh1+ 107. Rg1 Rxg1+ 108. Qxg1 Qxf6 $16) 102... Qxf6 103. Rg6 Qf7 104. Rg8+ Kb7 105. Rg7) 99... Rh7 {[%emt 0:00:53]} 100. Qg1 {[%emt 0:01:48]} Qd7 {[%emt 0:00:32]} 101. Rxh7 {[%emt 0:00:42]} Rxh7 {[%emt 0:00:13]} 102. Rg7 {[%emt 0:00:13] Trapped Piece} Rxg7 {[%emt 0:00:07]} 103. Qxg7 {[%emt 0:01:49]} Kc8 $1 {[%emt 0:00:19]} 104. Qg8+ $2 {[%emt 0:03:45]} Kc7 {[%emt 0:00:29]} 105. Qg7 {[%emt 0:01:23]} Kc8 {[%emt 0:00:46]} 106. f7 {[%emt 0:00:42] mates} Qh3+ {[%emt 0:00:06]} 107. Kc2 {[%emt 0:00:31]} (107. Kb2 Qh2+ 108. Kc3 Qh3+ 109. Kd2 Qh2+ 110. Kd3 Qh3+ 111. Ke4 Qh1+ 112. Kf5 Qh3+ 113. Kg6) 107... Qf5+ {[%emt 0:00:19]} 108. Kd2 {[%emt 0:00:14]} Qf2+ {[%emt 0:00:08]} 109. Kd1 {[%emt 0:02:52]} Qf1+ $11 {[%emt 0:00:06]} 110. Kd2 {[%emt 0:01:06]} Qf2+ {[%emt 0:00:04]} 111. Kd1 {[%emt 0:01:10]} Kc7 {[%emt 0:00:14]} 1/2-1/2

[Event "94th Tradewise Hastings Congress"]
[Site "Hastings"]
[Date "2019.01.01"]
[Round "5"]
[White "Midhun, P U"]
[Black "Sumit, Kumar"]
[Result "1/2-1/2"]
[WhiteElo "2010"]
[BlackElo "2179"]
[Annotator "TA"]
[PlyCount "66"]
[EventDate "2018.12.28"]
[EventType "swiss"]
[EventCountry "ENG"]
[SourceTitle "playchess.com"]
[Source "ChessBase"]
[SourceQuality "1"]

{[%evp 20,66,74,75,66,54,55,52,56,64,58,0,0,0,0,0,0,6,42,33,43,15,16,25,34,9,9,9,10,10,11,10,28,28,36,22,39,27,45,54,47,42,35,0,37,0,38,0,45]} 1. Nf3 Nf6 2. g3 b6 3. Bg2 Bb7 4. O-O e6 5. c4 Be7 6. Nc3 O-O 7. d4 c5 8. d5 exd5 9. Nh4 {E18: Queen's Indian: Old Main Line (4 g3 Bb7 5 Bg2 Be7 6 0-0 0-0 7 Nc3)} Re8 10. Nf5 Bf8 11. Bg5 {LiveBook: 4 Games. White is better.} h6 12. Nxd5 Bxd5 13. Bxd5 Nc6 14. Bxc6 dxc6 15. Nxh6+ (15. Qxd8 $14 Raxd8 16. Bxf6 gxf6 17. e3) 15... gxh6 $11 16. Qxd8 Raxd8 17. Bxf6 Rd6 $146 18. Bc3 Rxe2 19. Rfe1 Ree6 20. Rxe6 fxe6 $14 {[%mdl 4096] Endgame KRB-KRB} 21. Kf1 Bg7 22. Bxg7 Kxg7 {KR-KR} 23. Ke2 Rd4 24. b3 Kf6 25. Rd1 Ke5 26. Rd3 Kd6 27. Rf3 Ke7 28. Re3 Kf6 29. f4 Kf7 30. Rd3 Kf6 31. Re3 Kf7 $1 32. Rd3 Kf6 33. Re3 Kf7 $1 {Accuracy: White = 43%, Black = 67%.} 1/2-1/2

[Event "94th Tradewise Hastings Congress"]
[Site "Hastings"]
[Date "2019.01.01"]
[Round "5"]
[White "Trevelyan, John"]
[Black "Byron, Alan M"]
[Result "1/2-1/2"]
[WhiteElo "1996"]
[BlackElo "2157"]
[Annotator "TA"]
[PlyCount "41"]
[EventDate "2018.12.28"]
[EventType "swiss"]
[EventCountry "ENG"]
[SourceTitle "playchess.com"]
[Source "ChessBase"]
[SourceQuality "1"]

{[%evp 19,41,-3,6,11,14,-20,-30,-29,-26,-29,-23,-34,-30,-50,-43,-50,-38,-42,-45,-64,-33,-37,-40,-66]} 1. d4 Nf6 2. c4 g6 3. Nc3 Bg7 4. e4 d6 5. Be2 O-O 6. Nf3 Na6 7. O-O e5 8. dxe5 dxe5 9. Qxd8 Rxd8 10. Bg5 Re8 {LiveBook: 16 Games} 11. Nd2 {E94: King's Indian: Classical: 6 Be2 e5 7 0-0: Various Black 7th moves} (11. h3 c6 12. Rfd1 Nc5 13. Bxf6 Bxf6 14. Rac1 Ne6 15. Bd3 h5 16. b3 Kg7 17. Kf1 Bd7 18. Ne2 Rad8 19. Bc2 Ng5 20. Nxg5 Bxg5 21. Rb1 Be6 22. Rxd8 Rxd8 {0-1 (40) Vonthron,H (2377)-Milov,V (2615) Baden 2016}) 11... h6 12. Be3 Ng4 13. Bxg4 {Black has an edge.} Bxg4 14. a3 Bf8 $146 ({Predecessor:} 14... Rad8 15. f3 Be6 16. Rfd1 b6 17. Kf2 f5 18. Ke2 c6 {0-1 (49) Kouvatsos,F (1980)-Stoumbos,K (2070) Chania 2003}) 15. b4 {[#] b5 is the strong threat.} c6 16. Nd1 Red8 {Black is slightly better.} 17. Nb2 b6 18. f3 Be6 19. Kf2 Kg7 20. Rfd1 Be7 21. Rac1 {Accuracy: White = 44%, Black = 48%.} 1/2-1/2